Fallos del Tribunal Constitucional pronunciados entre el 16 de julio de 1992 y el 22 de enero de 1996
Uloženo v:
| Korporativní autor: | |
|---|---|
| Médium: | Kniha |
| Jazyk: | španělština |
| Vydáno: |
Santiago
Jurídica Cono Sur
1996
|
| Témata: | |
| Tagy: |
Přidat tag
Žádné tagy, Buďte první, kdo vytvoří štítek k tomuto záznamu!
|
MARC
| LEADER | 00000nam a2200000 a 4500 | ||
|---|---|---|---|
| 001 | UCG1097 | ||
| 003 | CL-VaPUC | ||
| 008 | 100422e19960000CL |||||||||||||||||spa|d | ||
| 020 | |a 9562380939 | ||
| 082 | 0 | 4 | |a 342.03 |b TRI |2 21 |
| 110 | 2 | |a Tribunal Constitucional de Chile |e author |9 548855 | |
| 245 | 1 | 0 | |a Fallos del Tribunal Constitucional pronunciados entre el 16 de julio de 1992 y el 22 de enero de 1996 |
| 300 | |a 551 p | ||
| 942 | |c BK | ||
| 945 | |d 20100422 00:00:00 |a rbrito | ||
| 260 | |a Santiago |b Jurídica Cono Sur |c 1996 | ||
| 650 | 0 | |a Tribunal constitucional |9 255000 | |
| 650 | 7 | |a PROCESOS JUDICIALES |2 CL-VaPUC |9 513223 | |
| 650 | 0 | |a Sentencias |9 256250 | |
| 650 | 7 | |a FALLOS JUDICIALES |2 CL-VaPUC |9 404298 | |
| 583 | |a last modification |c 20150324 12:44:06 |k Rodrigo Vera | ||
| 999 | |c 340549 |d 340547 | ||
| 952 | |0 0 |1 0 |4 0 |6 342_030000000000000_TRI_1996 |7 0 |8 A |9 435370 |a BIBDER |b BIBDER |d 2019-11-22 |i 4663454 |o 342.03 TRI 1996 |p 4663454 |r 2023-01-25 |w 2019-11-22 |y BK |k DER | ||